[Event "Medellin U2000 op"]
[Site "Medellin"]
[Date "2022.05.21"]
[Round "4"]
[White "Martinez, Mauricio"]
[Black "Echeverry, Jose Miguel"]
[Result "0-1"]
[WhiteElo "1907"]
[BlackElo "1859"]
[PlyCount "80"]
[EventDate "2022.05.18"]
[EventType "swiss"]
[EventRounds "7"]
[EventCountry "COL"]
[SourceTitle "CBM 208 Extra"]
[Source "ChessBase"]
[SourceDate "2022.07.31"]
[SourceVersion "1"]
[SourceVersionDate "2022.07.31"]
[SourceQuality "1"]

1. d4 Nf6 2. Nf3 e6 3. c3 b6 4. g3 Bb7 5. Bg2 Be7 6. Nbd2 g5 7. h3 h5 8. Nc4 Ne4 9. h4 g4 10. Nfd2 Nxc3 11. bxc3 Bxg2 12. Rg1 Bb7 13. e4 d5 14. Ne5 dxe4 15. Qa4+ Kf8 16. Kd1 Qe8 17. Qc2 f6 18. Nec4 Bc6 19. a4 f5 20. Ne5 Bd6 21. Ndc4 Bd5 22. Ne3 Bxe5 23. dxe5 Nd7 24. c4 Bc6 25. Bb2 Nc5 26. Ba3 Kf7 27. Bxc5 bxc5 28. Ke2 Rb8 29. Qc3 Rb4 30. Nc2 Rxa4 31. Rxa4 Bxa4 32. Ra1 Bxc2 33. Qxc2 Qc6 34. Qd2 e3 35. Qxe3 Rb8 36. Ra2 a5 37. Qd3 a4 38. Rd2 Kg6 39. Qe3 Qe4 40. Ra2 Qxc4+ 0-1

[Event "Medellin U2000 op"]
[Site "Medellin"]
[Date "2022.05.18"]
[Round "1"]
[White "Gallon Ramirez, Tomas"]
[Black "Echeverry, Jose Miguel"]
[Result "0-1"]
[WhiteElo "1360"]
[BlackElo "1859"]
[PlyCount "70"]
[EventDate "2022.05.18"]
[EventType "swiss"]
[EventRounds "7"]
[EventCountry "COL"]
[SourceTitle "CBM 208 Extra"]
[Source "ChessBase"]
[SourceDate "2022.07.31"]
[SourceVersion "1"]
[SourceVersionDate "2022.07.31"]
[SourceQuality "1"]

1. d4 Nf6 2. Nf3 e6 3. c4 Bb4+ 4. Bd2 a5 5. a3 Bxd2+ 6. Nbxd2 b6 7. g3 Bb7 8. Bg2 d6 9. 0-0 Nbd7 10. Re1 0-0 11. e4 e5 12. d5 a4 13. Nb1 Nc5 14. Nc3 Bc8 15. Nd2 g6 16. Rf1 Ng4 17. h3 Nh6 18. f4 exf4 19. gxf4 Qf6 20. Qe1 Re8 21. Qg3 Qd4+ 22. Qf2 Qxf2+ 23. Rxf2 Ba6 24. e5 Nf5 25. Rb1 Ne3 26. Re1 Nxg2 27. Rxg2 Nd3 28. Re4 dxe5 29. fxe5 Rxe5 30. Rge2 Rae8 31. Nxa4 Bxc4 32. Rxe5 Rxe5 33. Rxe5 Nxe5 34. Nxc4 Nxc4 35. Kf1 Ne3+ 0-1

[Event "Medellin Aristizabal Cup"]
[Site "Medellin"]
[Date "2019.06.22"]
[Round "2"]
[White "Castano Herrera, Jeronimo"]
[Black "Echeverry, Jose Miguel"]
[Result "0-1"]
[WhiteElo "1500"]
[BlackElo "1811"]
[PlyCount "62"]
[EventDate "2019.06.21"]
[EventType "swiss"]
[EventRounds "7"]
[EventCountry "COL"]
[SourceTitle "EXT 2020"]
[Source "ChessBase"]
[SourceDate "2019.10.17"]
[SourceVersion "1"]
[SourceVersionDate "2019.10.17"]
[SourceQuality "1"]

1. c4 e5 2. Nc3 Nf6 3. g3 d5 4. cxd5 Nxd5 5. Bg2 Nb6 6. Nf3 Nc6 7. d3 Be7 8. Bd2 Be6 9. 0-0 g5 10. Ne4 g4 11. Nfg5 Bd5 12. Qc1 h6 13. Nxf7 Bxf7 14. Bxh6 Nd4 15. Re1 Nc2 16. Qxc2 Rxh6 17. Nc5 Bd5 18. Nxb7 Qd7 19. Nc5 Qc6 20. Bxd5 Nxd5 21. Rac1 0-0-0 22. Qc4 Rdh8 23. Qxg4+ Kd8 24. b4 Ke8 25. h4 Bxh4 26. Ne4 Qb6 27. gxh4 Rxh4 28. Qc8+ Ke7 29. Qf5 Rg8+ 30. Ng3 Rxg3+ 31. Kf1 Rh1# 0-1

[Event "Medellin Raza op 8th"]
[Site "Medellin"]
[Date "2018.10.07"]
[Round "6"]
[White "Echeverry, Jose Miguel"]
[Black "Sierra Mejia, Juan Pablo"]
[Result "0-1"]
[WhiteElo "1807"]
[BlackElo "2172"]
[PlyCount "77"]
[EventDate "2018.10.04"]
[EventType "swiss"]
[EventRounds "7"]
[EventCountry "COL"]
[SourceTitle "CBM 186 Extra"]
[Source "ChessBase"]
[SourceDate "2018.08.24"]
[SourceVersion "1"]
[SourceVersionDate "2018.08.24"]
[SourceQuality "1"]

1. e4 e5 2. Nf3 Nc6 3. Bc4 Bc5 4. c3 Nf6 5. b4 Bb6 6. d3 d6 7. h3 h6 8. Nbd2 g5 9. Qb3 Qe7 10. a4 a6 11. g4 Nd8 12. Nf1 Ne6 13. Ng3 Nf4 14. Bxf4 exf4 15. Nf5 Bxf5 16. gxf5 c6 17. Kf1 d5 18. exd5 Bxf2 19. Kxf2 Qe3+ 20. Kg2 Qe2+ 21. Kg1 Qxf3 22. Re1+ Kf8 23. dxc6 g4 24. cxb7 Rd8 25. Qd1 Qg3+ 26. Kf1 f3 27. Qd2 gxh3 28. Qf2 Qg2+ 29. Qxg2 fxg2+ 30. Kf2 gxh1Q 31. Rxh1 Ne8 32. Bxa6 Rb8 33. Rxh3 Nd6 34. f6 Nxb7 35. Bxb7 Rxb7 36. a5 Ke8 37. a6 Rb6 38. Ke3 Rxa6 39. b5 0-1

[Event "Antioquia op-B"]
[Site "Medellin"]
[Date "2018.04.30"]
[Round "7"]
[White "Echeverry, Jose Miguel"]
[Black "Garces Trujillo, Luis Javier"]
[Result "0-1"]
[WhiteElo "1767"]
[BlackElo "1861"]
[PlyCount "64"]
[EventDate "2018.04.25"]
[EventType "swiss"]
[EventRounds "7"]
[EventCountry "COL"]
[SourceTitle "CBM 184 Extra"]
[Source "ChessBase"]
[SourceDate "2018.06.28"]
[SourceVersion "1"]
[SourceVersionDate "2018.06.28"]
[SourceQuality "1"]

1. d4 Nf6 2. c4 g6 3. Nc3 d5 4. cxd5 Nxd5 5. e4 Nxc3 6. bxc3 Bg7 7. Nf3 c5 8. Rb1 0-0 9. Be2 Nc6 10. d5 Ne5 11. Nxe5 Bxe5 12. Rb3 Qa5 13. Qd2 Bd7 14. c4 Qxd2+ 15. Bxd2 b6 16. Be3 Rfc8 17. 0-0 f6 18. f4 Bd6 19. Bf3 Rab8 20. Rfb1 b5 21. cxb5 c4 22. Rc3 Rxb5 23. Rbc1 Ra5 24. Be2 Bb5 25. Bxc4 Rxc4 26. Rxc4 Bxc4 27. Rxc4 Rxa2 28. g3 a5 29. Bd4 Bb4 30. e5 Rd2 31. d6 Rxd4 32. Rc7 exd6 0-1

[Event "Medellin Luces Cup"]
[Site "Medellin"]
[Date "2017.12.21"]
[Round "6"]
[White "Mesa, Francisco Sr"]
[Black "Echeverry, Jose Miguel"]
[Result "0-1"]
[WhiteElo "1545"]
[BlackElo "1776"]
[PlyCount "72"]
[EventDate "2017.12.18"]
[EventType "swiss"]
[EventRounds "7"]
[EventCountry "COL"]
[SourceTitle "CBM 182 Extra"]
[Source "ChessBase"]
[SourceDate "2018.02.23"]
[SourceVersion "1"]
[SourceVersionDate "2018.02.23"]
[SourceQuality "1"]

1. e4 e5 2. Nf3 Nc6 3. Bb5 a6 4. Ba4 Nf6 5. 0-0 Be7 6. Re1 b5 7. Bb3 0-0 8. c3 d6 9. d3 Na5 10. Bc2 c5 11. Nbd2 Re8 12. Nf1 Bf8 13. Ng3 g6 14. Be3 Bg7 15. a3 Qc7 16. Rc1 Bb7 17. Bb1 Rad8 18. b4 cxb4 19. cxb4 Nc6 20. h3 Qb8 21. Ba2 Re7 22. Qb3 d5 23. Bc5 Red7 24. Bb6 Re8 25. exd5 Nxd5 26. Bc5 Nf4 27. Rcd1 Nd4 28. Nxd4 exd4 29. Ne4 Bd5 30. Qb2 Nxd3 31. Rxd3 Bxe4 32. Rd2 d3 33. Qb3 Bd5 34. Rxe8+ Qxe8 35. Qxd3 Qe1+ 36. Kh2 Be5+ 0-1

[Event "Medellin Luces Cup"]
[Site "Medellin"]
[Date "2017.12.20"]
[Round "4"]
[White "Castano, Saray"]
[Black "Echeverry, Jose Miguel"]
[Result "1/2-1/2"]
[WhiteElo "1555"]
[BlackElo "1776"]
[PlyCount "41"]
[EventDate "2017.12.18"]
[EventType "swiss"]
[EventRounds "7"]
[EventCountry "COL"]
[SourceTitle "CBM 182 Extra"]
[Source "ChessBase"]
[SourceDate "2018.02.23"]
[SourceVersion "1"]
[SourceVersionDate "2018.02.23"]
[SourceQuality "1"]

1. e4 a6 2. d4 b5 3. Nf3 Bb7 4. Bd3 g6 5. Bf4 Bg7 6. Nbd2 d6 7. c3 Nd7 8. 0-0 c5 9. dxc5 Nxc5 10. Bc2 Ne6 11. Be3 Nf6 12. Nd4 Nc5 13. f3 0-0 14. N2b3 Qc7 15. Nxc5 dxc5 16. Ne2 e5 17. Qe1 Rad8 18. Qf2 Nd7 19. Ng3 c4 20. Rad1 Qc6 21. Rd2 1/2-1/2

[Event "Medellin Luces Cup"]
[Site "Medellin"]
[Date "2017.12.19"]
[Round "3"]
[White "Echeverry, Jose Miguel"]
[Black "Soto, Miguel Angel"]
[Result "0-1"]
[WhiteElo "1776"]
[BlackElo "2137"]
[PlyCount "76"]
[EventDate "2017.12.18"]
[EventType "swiss"]
[EventRounds "7"]
[EventCountry "COL"]
[SourceTitle "CBM 182 Extra"]
[Source "ChessBase"]
[SourceDate "2018.02.23"]
[SourceVersion "1"]
[SourceVersionDate "2018.02.23"]
[SourceQuality "1"]

1. g3 Nf6 2. Bg2 g6 3. b3 Bg7 4. Bb2 0-0 5. Nf3 d5 6. c4 c6 7. 0-0 Nbd7 8. cxd5 cxd5 9. d4 Ne4 10. Nc3 Nxc3 11. Bxc3 Nb8 12. Re1 Nc6 13. Ne5 Qd6 14. Qd2 Bf5 15. Rac1 Rac8 16. Nxc6 Qxc6 17. Bb4 Qd7 18. e3 Rfd8 19. Rxc8 Rxc8 20. Rc1 e6 21. Rxc8+ Qxc8 22. Qc3 Qxc3 23. Bxc3 Bf8 24. Bb2 a5 25. Bf1 Bb1 26. a3 Ba2 27. Bc3 Bxb3 28. Bxa5 Bxa3 29. Be2 Bc4 30. Kf1 b5 31. Ke1 b4 32. Bxc4 dxc4 33. Kd2 Kf8 34. e4 Ke7 35. Bb6 b3 36. f4 Bb4+ 37. Kc1 c3 38. g4 Ba3+ 0-1

[Event "Medellin Construct op"]
[Site "Medellin"]
[Date "2017.01.27"]
[Round "3"]
[White "Echeverry, Jose Miguel"]
[Black "Chirivi Castiblanco, Angie Lizeth"]
[Result "0-1"]
[WhiteElo "1771"]
[BlackElo "2074"]
[PlyCount "76"]
[EventDate "2017.01.25"]
[EventType "swiss"]
[EventRounds "7"]
[EventCountry "COL"]
[SourceTitle "CBM 176 Extra"]
[Source "ChessBase"]
[SourceDate "2017.03.02"]
[SourceVersion "1"]
[SourceVersionDate "2017.03.02"]
[SourceQuality "1"]

1. d4 Nf6 2. Bf4 g6 3. e3 Bg7 4. Nf3 d5 5. h3 c5 6. c3 c4 7. Be2 0-0 8. Nbd2 b5 9. 0-0 a5 10. a3 Bb7 11. Qc2 Nbd7 12. Rfe1 a4 13. Rad1 Ra6 14. Ne5 Qa8 15. Ndf3 Nb8 16. Bf1 Ne4 17. Nd2 f6 18. Nef3 Nd7 19. Nxe4 dxe4 20. Nd2 e5 21. Bh2 Kh8 22. dxe5 Nxe5 23. Bxe5 fxe5 24. g3 Raf6 25. Re2 Rd6 26. Bg2 Rfd8 27. Ree1 Rd3 28. Bf1 R8d6 29. Kh2 Qd8 30. Re2 g5 31. Bg2 g4 32. h4 Bf6 33. Kg1 h5 34. Kf1 Bxh4 35. gxh4 Qxh4 36. Rde1 g3 37. Kg1 gxf2+ 38. Rxf2 Rxd2 0-1

[Event "Pan American-ch U20"]
[Site "Guatape"]
[Date "2016.06.24"]
[Round "8"]
[White "Calero, Hector Andres"]
[Black "Echeverry, Jose Miguel"]
[Result "1-0"]
[WhiteElo "1845"]
[BlackElo "1807"]
[PlyCount "87"]
[EventDate "2016.06.20"]
[EventType "swiss"]
[EventRounds "9"]
[EventCountry "COL"]
[SourceTitle "EXT 2017"]
[Source "ChessBase"]
[SourceDate "2016.10.25"]
[SourceVersion "1"]
[SourceVersionDate "2016.10.25"]
[SourceQuality "1"]

1. e4 e5 2. Nf3 Nc6 3. Bb5 a6 4. Ba4 Nf6 5. d3 b5 6. Bb3 Be7 7. c3 0-0 8. 0-0 d6 9. Re1 Na5 10. Bc2 c5 11. Nbd2 Qc7 12. Nf1 Re8 13. h3 h6 14. d4 Nc6 15. d5 Nb8 16. b3 Nbd7 17. Ng3 Nf8 18. Nh4 Nxd5 19. Qxd5 Bb7 20. Qd3 Bxh4 21. Nf5 Be7 22. Qg3 Ng6 23. h4 h5 24. Bd1 Qd8 25. Bxh5 Bxh4 26. Qg4 Bc8 27. Bxg6 fxg6 28. Qxh4 gxf5 29. Qxd8 Rxd8 30. Bg5 Rd7 31. exf5 Bb7 32. Rad1 Re8 33. Bf4 Bc6 34. Bh2 Rf8 35. g4 Bf3 36. Rd2 Rfd8 37. g5 Bg4 38. f6 gxf6 39. gxf6 Kf7 40. f4 exf4 41. Re7+ Rxe7 42. fxe7 Kxe7 43. Bxf4 Be6 44. Bg5+ 1-0

[Event "Pan American-ch U20"]
[Site "Guatape"]
[Date "2016.06.24"]
[Round "7"]
[White "Echeverry, Jose Miguel"]
[Black "Soto, Miguel Angel"]
[Result "0-1"]
[WhiteElo "1807"]
[BlackElo "1972"]
[PlyCount "56"]
[EventDate "2016.06.20"]
[EventType "swiss"]
[EventRounds "9"]
[EventCountry "COL"]
[SourceTitle "EXT 2017"]
[Source "ChessBase"]
[SourceDate "2016.10.25"]
[SourceVersion "1"]
[SourceVersionDate "2016.10.25"]
[SourceQuality "1"]

1. e4 c5 2. Nc3 Nc6 3. f4 g6 4. Nf3 Bg7 5. Bc4 d6 6. 0-0 e6 7. d3 Nge7 8. Qe1 a6 9. a3 0-0 10. Qh4 b5 11. Bb3 d5 12. f5 exf5 13. exd5 Nd4 14. Bg5 f6 15. d6+ Nxb3 16. dxe7 Qxe7 17. Rae1 fxg5 18. Rxe7 gxh4 19. cxb3 Bf6 20. Rc7 Be6 21. Rxc5 Bxb3 22. Rf2 Rac8 23. Rxc8 Rxc8 24. d4 Rd8 25. Rd2 g5 26. Ne2 Bc4 27. Kf2 g4 28. Ne1 Bxe2 0-1

[Event "Pan American-ch U20"]
[Site "Guatape"]
[Date "2016.06.21"]
[Round "2"]
[White "Rosero, Jefferson"]
[Black "Echeverry, Jose Miguel"]
[Result "1-0"]
[WhiteElo "2090"]
[BlackElo "1807"]
[PlyCount "61"]
[EventDate "2016.06.20"]
[EventType "swiss"]
[EventRounds "9"]
[EventCountry "COL"]
[SourceTitle "EXT 2017"]
[Source "ChessBase"]
[SourceDate "2016.10.25"]
[SourceVersion "1"]
[SourceVersionDate "2016.10.25"]
[SourceQuality "1"]

1. e4 e6 2. d4 d5 3. Nc3 Bb4 4. e5 Qd7 5. Qg4 f5 6. Qg3 b6 7. a3 Bxc3+ 8. Qxc3 Ne7 9. a4 Ba6 10. Ne2 0-0 11. b3 c5 12. dxc5 bxc5 13. Ba3 Rc8 14. Bxc5 Bxe2 15. Bxe2 Qc7 16. b4 a5 17. Qa3 axb4 18. Bxb4 Nec6 19. 0-0 Qxe5 20. Rfe1 Qf4 21. Bd6 Qg5 22. Qb2 f4 23. Qb7 Rd8 24. Bxb8 Nd4 25. Qxa8 f3 26. Bf1 fxg2 27. Bxg2 Rf8 28. Qa7 e5 29. Bxe5 Nf3+ 30. Kh1 Nxe5 31. Qd4 1-0

[Event "COL-ch U18 m sf1"]
[Site "Medellin"]
[Date "2016.04.23"]
[Round "4.2"]
[White "Echeverry, Jose Miguel"]
[Black "Salcedo Perez, Pablo Esteban"]
[Result "0-1"]
[WhiteElo "1796"]
[BlackElo "1990"]
[PlyCount "58"]
[EventDate "2016.04.21"]
[EventType "swiss"]
[EventRounds "5"]
[EventCountry "COL"]
[SourceTitle "EXT 2024"]
[Source "ChessBase"]
[SourceDate "2023.10.10"]
[SourceVersion "1"]
[SourceVersionDate "2023.10.10"]
[SourceQuality "1"]

1. e4 c5 2. Nf3 d6 3. d4 Nf6 4. Nc3 cxd4 5. Nxd4 a6 6. Bg5 Nbd7 7. Qe2 b5 8. f4 Qc7 9. a3 e6 10. g4 Be7 11. Bg2 Bb7 12. 0-0-0 0-0 13. h4 Rfc8 14. h5 Nb6 15. Bxf6 Bxf6 16. g5 Bxd4 17. Rxd4 Nc4 18. Rh3 Qc5 19. Rdd3 a5 20. g6 fxg6 21. Qg4 Re8 22. hxg6 h6 23. Nd5 Bxd5 24. exd5 Rac8 25. Be4 Ne5 26. Qe2 Nxd3+ 27. Rxd3 exd5 28. Bxd5+ Kh8 29. Qd1 Re1 0-1

[Event "COL-ch U18 m sf1"]
[Site "Medellin"]
[Date "2016.04.23"]
[Round "5.2"]
[White "Zapata Arbelaes, Estiven"]
[Black "Echeverry, Jose Miguel"]
[Result "1-0"]
[WhiteElo "2102"]
[BlackElo "1796"]
[PlyCount "47"]
[EventDate "2016.04.21"]
[EventType "swiss"]
[EventRounds "5"]
[EventCountry "COL"]
[SourceTitle "EXT 2024"]
[Source "ChessBase"]
[SourceDate "2023.10.10"]
[SourceVersion "1"]
[SourceVersionDate "2023.10.10"]
[SourceQuality "1"]

1. d4 Nf6 2. c4 e5 3. d5 Bc5 4. Nc3 e4 5. e3 d6 6. Nge2 Bf5 7. b4 Bb6 8. Bb2 Nbd7 9. Ng3 Bg6 10. Nce2 h6 11. Nf4 Bh7 12. Nfh5 0-0 13. Be2 Qe7 14. Nxf6+ Nxf6 15. 0-0 Nd7 16. Rc1 a5 17. a3 f5 18. Nh5 Rf7 19. Nf4 Nf8 20. c5 dxc5 21. d6 cxd6 22. Bc4 Nd7 23. Bxf7+ Kxf7 24. Qd5+ 1-0

[Event "COL-ch U18 m sf1"]
[Site "Medellin"]
[Date "2016.04.22"]
[Round "3.1"]
[White "Perez Lujan, Mateo"]
[Black "Echeverry, Jose Miguel"]
[Result "1/2-1/2"]
[WhiteElo "1600"]
[BlackElo "1796"]
[PlyCount "40"]
[EventDate "2016.04.21"]
[EventType "swiss"]
[EventRounds "5"]
[EventCountry "COL"]
[SourceTitle "EXT 2024"]
[Source "ChessBase"]
[SourceDate "2023.10.10"]
[SourceVersion "1"]
[SourceVersionDate "2023.10.10"]
[SourceQuality "1"]

1. e4 c5 2. Nf3 d6 3. d4 cxd4 4. Nxd4 Nf6 5. Nc3 a6 6. Bc4 e6 7. Bb3 Be7 8. Qf3 Nbd7 9. 0-0 Nc5 10. Re1 0-0 11. Qg3 Nh5 12. Qf3 Nf6 13. Qg3 Nh5 14. Qf3 Nf6 15. Qg3 Re8 16. Bh6 Bf8 17. Bg5 Be7 18. Bh6 Bf8 19. Bg5 Be7 20. Bh6 Bf8 1/2-1/2

[Event "Medellin Segunda Antioquia op"]
[Site "Medellin"]
[Date "2016.04.16"]
[Round "4.5"]
[White "Echeverry, Jose Miguel"]
[Black "Sanchez Sanchez, Andres Felipe"]
[Result "1/2-1/2"]
[WhiteElo "1796"]
[BlackElo "1994"]
[PlyCount "51"]
[EventDate "2016.04.13"]
[EventType "swiss"]
[EventRounds "7"]
[EventCountry "COL"]
[SourceTitle "EXT 2024"]
[Source "ChessBase"]
[SourceDate "2023.10.10"]
[SourceVersion "1"]
[SourceVersionDate "2023.10.10"]
[SourceQuality "1"]

1. e4 c5 2. Nf3 d6 3. d4 cxd4 4. Nxd4 Nf6 5. Nc3 a6 6. Bc4 e5 7. Nf5 Bxf5 8. exf5 Nc6 9. Bg5 Nd4 10. 0-0 h6 11. Bxf6 Qxf6 12. Nd5 Qd8 13. f4 Be7 14. Re1 Nc6 15. Qg4 0-0 16. Rad1 Bf6 17. g3 Rc8 18. c3 Kh8 19. Bb3 b5 20. Rd2 Na5 21. Red1 Rc6 22. Qf3 Re8 23. Qh5 Rf8 24. Qf3 Re8 25. Qh5 Rf8 26. Qf3 1/2-1/2

[Event "Medellin Segunda Antioquia op"]
[Site "Medellin"]
[Date "2016.04.15"]
[Round "3.14"]
[White "Narvaez Berrio, Alexander"]
[Black "Echeverry, Jose Miguel"]
[Result "0-1"]
[WhiteElo "1589"]
[BlackElo "1796"]
[PlyCount "54"]
[EventDate "2016.04.13"]
[EventType "swiss"]
[EventRounds "7"]
[EventCountry "COL"]
[SourceTitle "EXT 2024"]
[Source "ChessBase"]
[SourceDate "2023.10.10"]
[SourceVersion "1"]
[SourceVersionDate "2023.10.10"]
[SourceQuality "1"]

1. d4 Nf6 2. c4 e5 3. Bg5 exd4 4. Qxd4 Be7 5. Nc3 0-0 6. e4 Nc6 7. Qd1 Nxe4 8. Bxe7 Qxe7 9. Nxe4 Qxe4+ 10. Qe2 Qf5 11. 0-0-0 d6 12. h3 Bd7 13. g4 Qa5 14. Kb1 Rfe8 15. Qd3 Re1 16. Be2 Re8 17. Rxe1 Qxe1+ 18. Qd1 Qxf2 19. Qf1 Qxf1+ 20. Bxf1 Re1+ 21. Kc2 Rxf1 22. Kd2 Nd4 23. b4 Nf3+ 24. Ke2 Rxg1 25. Rxg1 Nxg1+ 26. Kf2 Nxh3+ 27. Kg3 Ng5 0-1

[Event "COL-ch U2000"]
[Site "Medellin"]
[Date "2016.??.??"]
[Round "3.21"]
[White "Osorio Mendez, Hector"]
[Black "Echeverry, Jose Miguel"]
[Result "1/2-1/2"]
[WhiteElo "1926"]
[BlackElo "1796"]
[PlyCount "79"]
[EventDate "2016.02.29"]
[EventType "swiss"]
[EventRounds "9"]
[EventCountry "COL"]
[SourceTitle "EXT 2024"]
[Source "ChessBase"]
[SourceDate "2023.10.10"]
[SourceVersion "1"]
[SourceVersionDate "2023.10.10"]
[SourceQuality "1"]

1. d4 Nf6 2. Nf3 d5 3. h3 e6 4. Bg5 Be7 5. e3 Nbd7 6. Bd3 0-0 7. Nbd2 b6 8. c4 c6 9. 0-0 Bb7 10. b3 h6 11. Bf4 c5 12. Re1 Ne4 13. Nf1 Ndf6 14. dxc5 bxc5 15. N3d2 Qa5 16. Nxe4 dxe4 17. Bc2 Rfd8 18. Qb1 Qc3 19. Rc1 Qa5 20. Be5 Qa6 21. Qb2 Ne8 22. Rd1 f5 23. Ng3 Bf6 24. Nh5 Kf7 25. Nxf6 gxf6 26. Bf4 e5 27. Bxe5 fxe5 28. Qxe5 Qf6 29. Qxc5 Kg6 30. Rd4 Rxd4 31. exd4 Qc6 32. Qe5 Qd6 33. f4 Rd8 34. d5 Qc5+ 35. Kh1 Qf2 36. Bd1 Nf6 37. g4 Qf1+ 38. Kh2 Qf2+ 39. Kh1 Qf1+ 40. Kh2 1/2-1/2

[Event "Medellin de Segunda Cat. Antioquia"]
[Site "Medellin"]
[Date "2014.03.20"]
[Round "2.13"]
[White "Echeverry, Jose Miguel"]
[Black "Hoyos Campuzano, Efrain"]
[Result "1-0"]
[WhiteElo "1641"]
[BlackElo "1853"]
[PlyCount "65"]
[EventDate "2014.03.19"]
[EventType "swiss"]
[EventRounds "7"]
[EventCountry "COL"]
[SourceTitle "EXT 2024"]
[Source "ChessBase"]
[SourceDate "2023.10.10"]
[SourceVersion "1"]
[SourceVersionDate "2023.10.10"]
[SourceQuality "1"]

1. e4 d5 2. exd5 Qxd5 3. Nc3 Qa5 4. d4 Nf6 5. Bd2 Qb6 6. Nf3 Bg4 7. Be2 c6 8. Na4 Qc7 9. c4 e6 10. Nc3 Nbd7 11. Qc1 Bd6 12. h3 Bh5 13. c5 Be7 14. Bf4 Qa5 15. 0-0 0-0 16. b4 Qd8 17. g4 Bg6 18. b5 Nd5 19. Nxd5 exd5 20. bxc6 bxc6 21. Ba6 Be4 22. Nd2 Bg6 23. Bb7 f5 24. Bxa8 Qxa8 25. g5 Qd8 26. h4 Rf7 27. Rb1 Nf8 28. Rb8 Qd7 29. Re1 h6 30. Nf3 Kh7 31. Ne5 Qe6 32. Nxf7 Qxf7 33. Qe3 1-0

[Event "Antioquia Region-ch U16"]
[Site "Medellin"]
[Date "2013.04.??"]
[Round "4.3"]
[White "Echeverry, Jose Miguel"]
[Black "Blandon, Luis Guillermo"]
[Result "0-1"]
[WhiteElo "1603"]
[BlackElo "1978"]
[PlyCount "50"]
[EventDate "2013.04.18"]
[EventType "swiss"]
[EventRounds "5"]
[EventCountry "COL"]
[SourceTitle "EXT 2024"]
[Source "ChessBase"]
[SourceDate "2023.10.10"]
[SourceVersion "1"]
[SourceVersionDate "2023.10.10"]
[SourceQuality "1"]

1. e4 c5 2. Nf3 Nc6 3. d4 cxd4 4. Nxd4 g6 5. Nc3 Bg7 6. Be3 Nf6 7. Bc4 d6 8. f3 0-0 9. Qd2 Bd7 10. 0-0-0 Rc8 11. Bb3 Ne5 12. h4 h5 13. Bh6 Bxh6 14. Qxh6 Rxc3 15. bxc3 Qc7 16. Ne2 Bb5 17. Rhe1 Bc4 18. Kb1 a5 19. Rd4 b5 20. a3 Rb8 21. Ka2 Bxe2 22. Rxe2 a4 23. Bd5 Qxc3 24. Red2 Nxd5 25. exd5 Nc4 0-1

[Event "Antioquia Region-ch U16"]
[Site "Medellin"]
[Date "2013.04.??"]
[Round "5.3"]
[White "Toro Castaneda, Elizabeth"]
[Black "Echeverry, Jose Miguel"]
[Result "0-1"]
[WhiteElo "1696"]
[BlackElo "1603"]
[PlyCount "66"]
[EventDate "2013.04.18"]
[EventType "swiss"]
[EventRounds "5"]
[EventCountry "COL"]
[SourceTitle "EXT 2024"]
[Source "ChessBase"]
[SourceDate "2023.10.10"]
[SourceVersion "1"]
[SourceVersionDate "2023.10.10"]
[SourceQuality "1"]

1. e4 c5 2. Nf3 Nc6 3. d4 cxd4 4. Nxd4 Nf6 5. Nc3 e5 6. Ndb5 d6 7. Bg5 a6 8. Na3 b5 9. Nd5 Be7 10. Bxf6 Bxf6 11. c3 Bg5 12. Nc2 0-0 13. a4 bxa4 14. Rxa4 a5 15. Bb5 Bb7 16. Nce3 g6 17. h4 Bxh4 18. Qg4 Bg5 19. Qh3 h6 20. Ng4 h5 21. Nge3 Bc8 22. g4 Ne7 23. Be2 Nxd5 24. Nxd5 Kg7 25. Qh2 h4 26. Qg2 Rb8 27. b4 Be6 28. Rxa5 Qc8 29. Qf3 Bxd5 30. exd5 Re8 31. Qd3 e4 32. Qa6 Qxc3+ 33. Kf1 h3 0-1

[Event "East Region-ch U14"]
[Site "Medellin"]
[Date "2012.04.28"]
[Round "3.2"]
[White "Echeverry, Jose Miguel"]
[Black "Zapata Arbelaes, Estiven"]
[Result "0-1"]
[WhiteElo "1578"]
[BlackElo "1958"]
[PlyCount "83"]
[EventDate "2012.04.28"]
[EventType "swiss"]
[EventRounds "6"]
[EventCountry "COL"]
[SourceTitle "EXT 2024"]
[Source "ChessBase"]
[SourceDate "2023.10.10"]
[SourceVersion "1"]
[SourceVersionDate "2023.10.10"]
[SourceQuality "1"]

1. e4 e5 2. Nf3 Nc6 3. Bc4 Bc5 4. c3 Nf6 5. d3 d6 6. Be3 Qe7 7. Bxc5 dxc5 8. Nbd2 0-0 9. 0-0 Be6 10. Bb5 Qd6 11. Nc4 Bxc4 12. Bxc4 a6 13. Qe2 Rad8 14. Rad1 Rfe8 15. Rfe1 Na5 16. Bb3 Nxb3 17. axb3 Nd7 18. Qc2 Nf8 19. d4 cxd4 20. cxd4 exd4 21. Rxd4 Qb6 22. Red1 Rxd4 23. Nxd4 c5 24. Nf5 Ne6 25. Qc3 Rd8 26. Ne7+ Kf8 27. Rxd8+ Qxd8 28. Nd5 Qd6 29. g3 Nc7 30. Nxc7 Qxc7 31. f4 Qd6 32. Qc2 b6 33. e5 Qd4+ 34. Kg2 g6 35. Kf3 Qd5+ 36. Ke3 Ke7 37. g4 Ke6 38. Qc4 b5 39. Qxd5+ Kxd5 40. Kd3 g5 41. Ke3 h6 42. h3 0-1

[Event "East Region-ch U14"]
[Site "Medellin"]
[Date "2012.04.28"]
[Round "6.2"]
[White "Salcedo Perez, Pablo Esteban"]
[Black "Echeverry, Jose Miguel"]
[Result "1-0"]
[WhiteElo "1758"]
[BlackElo "1578"]
[PlyCount "69"]
[EventDate "2012.04.28"]
[EventType "swiss"]
[EventRounds "6"]
[EventCountry "COL"]
[SourceTitle "EXT 2024"]
[Source "ChessBase"]
[SourceDate "2023.10.10"]
[SourceVersion "1"]
[SourceVersionDate "2023.10.10"]
[SourceQuality "1"]

1. d4 Nf6 2. c4 g6 3. Nc3 d5 4. Nf3 Bg7 5. Bf4 0-0 6. h3 Nc6 7. e3 Be6 8. Be2 Rc8 9. 0-0 Na5 10. cxd5 Nxd5 11. Bh2 Nxc3 12. bxc3 c5 13. Qd2 cxd4 14. cxd4 Nc4 15. Bxc4 Bxc4 16. Rfc1 Bd5 17. Ne5 Bxe5 18. Bxe5 Qd7 19. f3 f6 20. Bg3 Rxc1+ 21. Rxc1 Rc8 22. Rxc8+ Qxc8 23. e4 Bf7 24. d5 Qd8 25. Bf2 b6 26. Be3 e6 27. dxe6 Qe7 28. exf7+ Kxf7 29. Qd5+ Kg7 30. Bf4 g5 31. Bd6 Qe8 32. e5 f5 33. e6 Kf6 34. Be5+ Kg6 35. Qd7 1-0